Understanding GPS : (Record no. 531783)

000 -LEADER
fixed length control field 01241cam a22003494a 4500
001 - CONTROL NUMBER
control field 14141651
003 - CONTROL NUMBER IDENTIFIER
control field NUST
005 - DATE AND TIME OF LATEST TRANSACTION
control field 20191028100733.0
008 - FIXED-LENGTH DATA ELEMENTS--GENERAL INFORMATION
fixed length control field 051015s2006 mauab b 001 0 eng
010 ## - LIBRARY OF CONGRESS CONTROL NUMBER
LC control number 2005056270
015 ## - NATIONAL BIBLIOGRAPHY NUMBER
National bibliography number GBA586519
Source bnb
016 7# - NATIONAL BIBLIOGRAPHIC AGENCY CONTROL NUMBER
Record control number 013311254
Source Uk
020 ## - INTERNATIONAL STANDARD BOOK NUMBER
International Standard Book Number 1580538940 (alk. paper)
035 ## - SYSTEM CONTROL NUMBER
System control number (OCoLC)ocm62128065
038 ## - RECORD CONTENT LICENSOR
Staff Name MSOHAIL
040 ## - CATALOGING SOURCE
Original cataloging agency DLC
Transcribing agency DLC
Modifying agency YDX
-- BAKER
-- UKM
-- DLC
042 ## - AUTHENTICATION CODE
Authentication code pcc
050 00 - LIBRARY OF CONGRESS CALL NUMBER
Classification number G109.5
Item number .K36 2006
082 04 - DEWEY DECIMAL CLASSIFICATION NUMBER
Classification number 623.89/3
Edition number 22
245 00 - TITLE STATEMENT
Title Understanding GPS :
Remainder of title principles and applications /
Statement of responsibility, etc. Elliott D. Kaplan, Christopher J. Hegarty, editors.
250 ## - EDITION STATEMENT
Edition statement 2nd ed.
260 ## - PUBLICATION, DISTRIBUTION, ETC.
Place of publication, distribution, etc. Boston :
Name of publisher, distributor, etc. Artech House,
Date of publication, distribution, etc. c2006.
300 ## - PHYSICAL DESCRIPTION
Extent xvii, 703 p. :
Other physical details ill., maps ;
Dimensions 27 cm.
440 #0 - SERIES STATEMENT/ADDED ENTRY--TITLE
Title Artech House mobile communications series
9 (RLIN) 398
504 ## - BIBLIOGRAPHY, ETC. NOTE
Bibliography, etc. note Includes bibliographical references and index.
650 #0 - SUBJECT ADDED ENTRY--TOPICAL TERM
Topical term or geographic name entry element Global Positioning System.
9 (RLIN) 21037
700 1# - ADDED ENTRY--PERSONAL NAME
Personal name Kaplan, Elliott D.
9 (RLIN) 24834
700 1# - ADDED ENTRY--PERSONAL NAME
Personal name Hegarty, C.
Fuller form of name (Christopher J.)
9 (RLIN) 24835
906 ## - LOCAL DATA ELEMENT F, LDF (RLIN)
a 7
b cbc
c orignew
d 1
e ocip
f 20
g y-gencatlg
942 ## - ADDED ENTRY ELEMENTS (KOHA)
Source of classification or shelving scheme
Koha item type Book
Holdings
Withdrawn status Lost status Source of classification or shelving scheme Damaged status Not for loan Permanent Location Current Location Date acquired Total Checkouts Full call number Barcode Date last seen Price effective from Koha item type
          School of Civil and Environmental Engineering (SCEE) School of Civil and Environmental Engineering (SCEE) 10/28/2019   623.893 NIT-11727 10/28/2019 10/28/2019 Book
© 2023 Central Library, National University of Sciences and Technology. All Rights Reserved.